000 01006nam a2200181 a 4500
005 20260409160300.0
008 260330s2026##################000#0#eng##
020 _a9780230240115
082 0 4 _a351 BOU
100 _aGeert Bouckaert
245 1 0 _aThe coordination of public sector organizations
_b : shifting patterns of public management
_c\ by Geert Bouckaert, B. Guy Peters and Koen Verhoest
250 _a1st ed.
260 _aBasingstoke
_bPalgrave Macmillan
_c2010
300 _axiv, 326 p. : ill.
_c; 23 cm.
520 _a"This book discusses the trajectories of creating specialized autonomous units. An analysis of the mechanisms and measures taken for granting autonomy to specialised autonomous units and subsequently to coordinating them back is described. The book shows a range of patterns in the dynamics of specialization and coordination over 25 years"--Provided by publisher.
650 _aPublic administration -- Planning Administrative agencies -- Management
942 _cENGLISH
999 _c618252
_d618252